| 000 | 00695nam a2200241Ia 4500 | ||
|---|---|---|---|
| 003 | OSt | ||
| 005 | 20220923222535.0 | ||
| 006 | a|||||r|||| 00| 0 | ||
| 007 | ta | ||
| 008 | 220922b |||||||| |||| 00| 0 hin d | ||
| 024 | _a205,773 | ||
| 037 | _cTextual | ||
| 040 |
_aARTS _cARTS _bhin |
||
| 041 |
_2hin _ahin |
||
| 082 | _aP, 152M2 | ||
| 100 |
_aसिंह, रामलाल _9156291 |
||
| 245 | 0 | _aभाषा दर्शन | |
| 246 | _aBhāṣhā darshana | ||
| 260 |
_aवाराणसी _b विद्यामंदिर _c1962 |
||
| 300 |
_a366पृ. _ccm. |
||
| 942 |
_hP, 152M2 _cTEXL _2CC |
||
| 999 |
_c356452 _d356452 |
||